Subdivision capitals closest to Sankt Gallen (CH) - Statistics

General Stats
  • This quiz has been taken 14 times
  • The average score is 13 of 20
Answer Stats
Distance (km) Answer % Correct
5 33 Vaduz
100%
16 100 Aarau
83%
2 11 Appenzell
83%
9 63 Schaffhausen
83%
8 63 Zürich
83%
19 135 Basel
67%
6 39 Frauenfeld
67%
7 49 Glarus/Glaris
67%
1 9 Herisau
67%
14 91 Luzern
67%
17 104 Sarnen
67%
11 71 Schwyz
67%
12 71 Zug
67%
13 82 Altdorf
50%
10 65 Chur
50%
4 30 Schaan
50%
15 92 Stans
50%
20 140 Bellinzona
33%
3 29 Bregenz
33%
18 124 Liestal
33%
No matching quizzes found
Score Distribution
Percent of People with Each Score
Percentile by Number Answered
Your Score History
You have not taken this quiz